A recski kényszermunkatábor

Elmentve itt :
Bibliográfiai részletek
Szerző: Szabady Dániel
További közreműködők: Kiss Gábor (Témavezető)
Dokumentumtípus: Szakdolgozat
Megjelent: 2001
Tárgyszavak:
Online Access:http://diploma.bibl.u-szeged.hu/89786
LEADER 00619nta a2200193 i 4500
001 dipl89786
005 20201125094523.0
008 201125s2001 hu om 0|| zxx d
040 |a SZTE Diploma Repozitórium  |b hun 
041 |a zxx 
100 1 |a Szabady Dániel 
245 1 2 |a A recski kényszermunkatábor  |h [elektronikus dokumentum] /  |c Dániel Szabady 
260 |c 2001 
650 4 |a Bölcsészettudományok 
650 4 |a Humanities 
650 4 |a History and archaeology 
650 4 |a History 
700 1 |a Kiss Gábor  |e ths 
856 4 0 |u http://diploma.bibl.u-szeged.hu/id/eprint/89786/1/2001_szabady_daniel.pdf  |z Dokumentum-elérés